000 00748 a2200217 4500
001 62735
005 20260407155921.0
008 260407a1985 arg spa d
003 AR-UNSa-BCEJYS
040 _aAR-UNSa-BCEJYS
_bspa
_cAR-UNSa-BCEJYS
080 _a35.08
_xPersonal administrativo. Funcionarios. plantilla. función pública. Teoría, organización
245 1 0 _aClasificación de puestos de trabajo en la administración pública
020 _a978-84-7351-182-7
264 1 _aMadrid :
_bInstituto Nacional de Administración Pública (INAP)
_c1985
300 _a151 p.
_c19 cm.
041 _aspa
942 _cBK
590 _aniveau_biblio:m niveau_hierar:0
100 1 _aCollado Navarro, Inés
700 1 _aRamos Montañes, María
999 _c7777
_d7777